000
00291nam a22001217a 4500
008
170922b xxu||||| |||| 00| 0 eng d
041
_a
eng
080
_2
3 ED
_a
902
100
_a
45
101
_a
ARK
245
_a
CHRONOLOGIES IN OLD WORLD ARCHEOLOGY
_c
EHRICH.R.W
942
_2
udc
_c
BK
999
_c
28895
_d
28895